<?xml version="1.0" encoding="UTF-8"?><?xml-stylesheet type="text/xsl" href="static/style.xsl"?><OAI-PMH xmlns="http://www.openarchives.org/OAI/2.0/" xmlns:xsi="http://www.w3.org/2001/XMLSchema-instance" xsi:schemaLocation="http://www.openarchives.org/OAI/2.0/ http://www.openarchives.org/OAI/2.0/OAI-PMH.xsd"><responseDate>2026-06-02T04:01:23Z</responseDate><request verb="GetRecord" identifier="oai:riubu.ubu.es:10259/8580" metadataPrefix="marc">https://riubu.ubu.es/oai/request</request><GetRecord><record><header><identifier>oai:riubu.ubu.es:10259/8580</identifier><datestamp>2024-02-06T01:05:22Z</datestamp><setSpec>com_10259_3847</setSpec><setSpec>com_10259_5086</setSpec><setSpec>com_10259_2604</setSpec><setSpec>col_10259_7109</setSpec><setSpec>col_10259_7409</setSpec></header><metadata><record xmlns="http://www.loc.gov/MARC21/slim" xmlns:doc="http://www.lyncode.com/xoai" xmlns:xsi="http://www.w3.org/2001/XMLSchema-instance" xmlns:dcterms="http://purl.org/dc/terms/" xsi:schemaLocation="http://www.loc.gov/MARC21/slim http://www.loc.gov/standards/marcxml/schema/MARC21slim.xsd">
<leader>00925njm 22002777a 4500</leader>
<datafield tag="042" ind1=" " ind2=" ">
<subfield code="a">dc</subfield>
</datafield>
<datafield tag="720" ind1=" " ind2=" ">
<subfield code="a">Sedano, Javier</subfield>
<subfield code="e">author</subfield>
</datafield>
<datafield tag="720" ind1=" " ind2=" ">
<subfield code="a">Villar, José Ramón</subfield>
<subfield code="e">author</subfield>
</datafield>
<datafield tag="720" ind1=" " ind2=" ">
<subfield code="a">Curiel Herrera, Leticia Elena</subfield>
<subfield code="e">author</subfield>
</datafield>
<datafield tag="720" ind1=" " ind2=" ">
<subfield code="a">Cal, Enrique de la</subfield>
<subfield code="e">author</subfield>
</datafield>
<datafield tag="720" ind1=" " ind2=" ">
<subfield code="a">Corchado, Emilio</subfield>
<subfield code="e">author</subfield>
</datafield>
<datafield tag="260" ind1=" " ind2=" ">
<subfield code="c">2009</subfield>
</datafield>
<datafield tag="520" ind1=" " ind2=" ">
<subfield code="a">Improving the detection of thermal insulation in buildings –which&#xd;
includes the development of models for heating and ventilation processes and&#xd;
fabric gain - could significantly increase building energy efficiency and substantially contribute to reductions in energy consumption and in the carbon&#xd;
footprints of domestic heating systems. Thermal insulation standards are now&#xd;
contractual obligations in new buildings, although poor energy efficiency is often a defining characteristic of buildings built before the introduction of those&#xd;
standards. Lighting, occupancy, set point temperature profiles, air conditioning&#xd;
and ventilation services all increase the complexity of measuring insulation&#xd;
efficiency. The identification of thermal insulation failure can help to reduce&#xd;
energy consumption in heating systems. Conventional methods can be greatly&#xd;
improved through the application of hybridized machine learning techniques to&#xd;
detect thermal insulation failures when a building is in operation. A three-step&#xd;
procedure is proposed in this paper that begins by considering the local building&#xd;
and heating system regulations as well as the specific features of the climate&#xd;
zone. Firstly, the dynamic thermal performance of different variables is specifically modelled, for each building type and climate zone. Secondly, Cooperative&#xd;
Maximum-Likelihood Hebbian Learning is used to extract the relevant features.&#xd;
Finally, neural projections and identification techniques are applied, in order to&#xd;
detect fluctuations in room temperatures and, in consequence, thermal insulation failures. The reliability of the proposed method is validated in three winter&#xd;
zone C cities in Spain. Although a great deal of further research remains to be&#xd;
done in this field, the proposed system is expected to outperform conventional&#xd;
methods described in Spanish building codes that are used to calculate energetic&#xd;
profiles in domestic and residential buildings.</subfield>
</datafield>
<datafield tag="024" ind2=" " ind1="8">
<subfield code="a">0302-9743</subfield>
</datafield>
<datafield tag="024" ind2=" " ind1="8">
<subfield code="a">http://hdl.handle.net/10259/8580</subfield>
</datafield>
<datafield tag="024" ind2=" " ind1="8">
<subfield code="a">10.1007/978-3-642-04394-9_95</subfield>
</datafield>
<datafield tag="024" ind2=" " ind1="8">
<subfield code="a">1611-3349</subfield>
</datafield>
<datafield ind1=" " ind2=" " tag="653">
<subfield code="a">Feature selection</subfield>
</datafield>
<datafield ind1=" " ind2=" " tag="653">
<subfield code="a">Heating System</subfield>
</datafield>
<datafield ind1=" " ind2=" " tag="653">
<subfield code="a">Machine Intelligence</subfield>
</datafield>
<datafield ind1=" " ind2=" " tag="653">
<subfield code="a">Improve Energy Efficiency</subfield>
</datafield>
<datafield ind1=" " ind2=" " tag="653">
<subfield code="a">Indoor Temperature</subfield>
</datafield>
<datafield tag="245" ind1="0" ind2="0">
<subfield code="a">Improving Energy Efficiency in Buildings Using Machine Intelligence</subfield>
</datafield>
</record></metadata></record></GetRecord></OAI-PMH>